ఆంధ్రప్రదేశ్‌లోని అతిపెద్ద నగరాలు (Āndhralōni atipedda nagarālu) - Statistics

General Stats
  • This quiz has been taken 8 times
  • The average score is 6 of 10
Answer Stats
ప్రజలు నగరం % Correct
౧౪,౭౬,౯౩౧ విజయవాడ/Vijayawāḍa
88%
౫,౫౮,౫౪౮ నెల్లూరు/Nellūru
75%
౪,౬౧,౯౦౦ తిరుపతి/Tirupati
75%
౧౭,౨౮,౧౨౮ విశాఖపట్నం/Viśākhapaṭnaṁ
75%
౩,౪౪,౮౯౩ కడప/Kaḍapa
50%
౪,౮౪,౩౨౭ కర్నూలు/Karnūlu
50%
౩,౪౦,౬౧౩ అనంతపురం/Anantapuraṁ
38%
౬,౭౦,౦౭౩ గుంటూరు/Guṇṭūru
38%
౪,౪౩,౦౨౮ కాకినాడ/Kākināḍa
38%
౪,౭౬,౮౭౩ రాజమండ్రి/Rājamaṇḍri
38%
No matching quizzes found
Score Distribution
Percent of People with Each Score
Percentile by Number Answered
Your Score History
You have not taken this quiz